| 000 | 00551nam a2200181 i 4500 | ||
|---|---|---|---|
| 001 | 55687 | ||
| 003 | ES-MaACL | ||
| 005 | 20230906163210.0 | ||
| 007 | t| | ||
| 008 | 030925s1966 sp ||||1| spa d | ||
| 100 | 1 |
_aDetroux, L. _943969 |
|
| 245 | 1 | 4 |
_aLos herbicidas y su empleo / _cpor L. Detroux ; adaptación y temática española, Juan Gostinehar. |
| 250 | _a[1ª ed.]. | ||
| 260 |
_aVilassar de Mar : _bOikos-Tau, _c1966. |
||
| 300 |
_a476 p. : _bil. ; _c19 cm. |
||
| 700 | 1 |
_aGostinehar, Juan. _959274 |
|
| 852 |
_aES-MaACL _jC-31918 _bR.62396 |
||
| 999 |
_c55687 _d55687 |
||